Svarnapali

Saved in:
Bibliographic Details
Main Author: Jayaratne, Indra Ranwala
Format: Book
Published: 1989
Tags: Add Tag
No Tags, Be the first to tag this record!

MARC

LEADER 00000nam a2200000 a 4500
082 |a 954.93 
100 |a Jayaratne, Indra Ranwala 
245 |a Svarnapali 
260 |c 1989 
300 |a iv, 21p. 18cm. 
942 |c AFW 
999 |c 187909  |d 187909